000
00313nam a22001217a 4500
082
_a
340.59 EZU
100
_a
Ezung, Stephen
245
_a
A Critical Analysis of Muslim Personal Law in India
260
_a
Hyderabad
_b
Henry Martyn Institute
_c
2018
300
_a
99
650
_a
Muslim Personal Law
942
_c
THES
999
_c
21212
_d
21212